Susceptibility of Hevea clones to black stripe disease (Record no. 70054)
[ view plain ]
| 000 -LEADER | |
|---|---|
| fixed length control field | 01259nam a2200181Ia 4500 |
| 100 ## - MAIN ENTRY--AUTHOR NAME | |
| Personal name | Jayasinghe C K |
| 245 #0 - TITLE STATEMENT | |
| Title | Susceptibility of Hevea clones to black stripe disease |
| 260 ## - PUBLICATION, DISTRIBUTION, ETC. (IMPRINT) | |
| Name of publisher | Journal of the Rubber Research Institute of Sri Lanka |
| Year of publication | 1997 |
| 300 ## - PHYSICAL DESCRIPTION | |
| Number of Pages | 30-36 |
| 520 ## - SUMMARY, ETC. | |
| Summary, etc | Bark rot or black stripe of Hevea brasiliensis caused by Phytophthora spp. is the only economically important disease of the tapping panel. Screening trials were carried out for three consecutive years at four different localities to evaluate the inherent susceptibility of thirty three Hevea clones to black stipe disease. The results indicated that the clones commonly grown in the eastern hemisphere or proved to be potential genetic material for future use show a differential inherent susceptibility with RRIC 130 being the most susceptible. Among the other examined RRIC 119, RRIC 133, RRIC 110, RRIC 112, RRIC 114, PB 86, RRIC 117, RRIM 600 and RRIC 132 were susceptible while BPM 24, RRIM 717, RRIC 116, PB 260, RRIC 121 and RRIC 100 were resistant. |
| 650 ## - SUBJECT ADDED ENTRY--TOPICAL TERM | |
| Topical Term | Bark rot |
| 650 ## - SUBJECT ADDED ENTRY--TOPICAL TERM | |
| Topical Term | Black stripe |
| 650 ## - SUBJECT ADDED ENTRY--TOPICAL TERM | |
| Topical Term | Clonal susceptibility |
| 650 ## - SUBJECT ADDED ENTRY--TOPICAL TERM | |
| Topical Term | Phytophthora spp. |
| 700 ## - ADDED ENTRY--PERSONAL NAME | |
| Personal name | Wettasinghe D S |
| 942 ## - ADDED ENTRY ELEMENTS (KOHA) | |
| Koha item type | Journals |
| Withdrawn status | Lost status | Damaged status | Not for loan | Home library | Current library | Shelving location | Date acquired | Serial Enumeration / chronology | Koha item type |
|---|---|---|---|---|---|---|---|---|---|
| Journals | RRII Library | RRII Library | Pathology | 17/12/2021 | Volume 80, Issue | Journals |